All Incorporated Municipalities of Orange County, New York - Statistics

General Stats
  • This quiz has been taken 27 times
  • The average score is 23 of 43
Answer Stats
Answer % Correct
Middletown
94%
Newburgh
94%
Newburgh
94%
Monroe
88%
Monroe
88%
Port Jervis
88%
Chester
82%
Chester
82%
Goshen
82%
Goshen
82%
Cornwall
76%
Tuxedo
76%
Montgomery
65%
Montgomery
65%
Warwick
65%
Warwick
65%
Highlands
59%
Kiryas Joel
59%
Wallkill
59%
Washingtonville
59%
Woodbury
59%
Woodbury
59%
New Windsor
47%
Blooming Grove
41%
Florida
41%
Hamptonburgh
41%
Minisink
41%
Palm Tree
41%
Walden
41%
Deerpark
35%
Greenwood Lake
35%
Highland Falls
35%
Cornwall-on-Hudson
29%
Tuxedo Park
29%
Wawayanda
29%
Crawford
24%
Greenville
24%
Harriman
24%
Mount Hope
24%
Unionville
24%
Maybrook
18%
Otisville
18%
South Blooming Grove
12%
No matching quizzes found
Score Distribution
Percent of People with Each Score
Percentile by Number Answered
Your Score History
You have not taken this quiz